000
00321nam a2200145Ia 4500
003
OSt
005
20240330144814.0
008
170524s9999 xx 000 0 und d
020
_a
9780070593749
040
_c
IIMT UNIVERSITY
100
_a
Norton
245
0
_a
INTRODUCTION TO COMPUTER
260
_a
TMH
942
_2
ddc
_c
02
999
_c
3152
_d
3152